<?xml version="1.0" encoding="UTF-8"?>
<record
    xmlns:xsi="http://www.w3.org/2001/XMLSchema-instance"
    xsi:schemaLocation="http://www.loc.gov/MARC21/slim http://www.loc.gov/standards/marcxml/schema/MARC21slim.xsd"
    xmlns="http://www.loc.gov/MARC21/slim">

  <leader>00927nam a22002417a 4500</leader>
  <controlfield tag="005">20251206123537.0</controlfield>
  <controlfield tag="008">220906b           ||||| |||| 00| 0 eng d</controlfield>
  <datafield tag="020" ind1=" " ind2=" ">
    <subfield code="a">9788125041580</subfield>
  </datafield>
  <datafield tag="040" ind1=" " ind2=" ">
    <subfield code="c">AL</subfield>
  </datafield>
  <datafield tag="041" ind1=" " ind2=" ">
    <subfield code="a">eng</subfield>
  </datafield>
  <datafield tag="082" ind1=" " ind2=" ">
    <subfield code="2">23</subfield>
    <subfield code="a">658.4052</subfield>
    <subfield code="b">LAWN</subfield>
  </datafield>
  <datafield tag="100" ind1=" " ind2=" ">
    <subfield code="a">Anne Laws</subfield>
    <subfield code="9">248152</subfield>
  </datafield>
  <datafield tag="245" ind1=" " ind2=" ">
    <subfield code="a">Negotiations</subfield>
  </datafield>
  <datafield tag="260" ind1=" " ind2=" ">
    <subfield code="a">Hyderabad</subfield>
    <subfield code="b">Orient Blackswan</subfield>
    <subfield code="c">2011</subfield>
  </datafield>
  <datafield tag="300" ind1=" " ind2=" ">
    <subfield code="a">viii,155p</subfield>
    <subfield code="b">PB</subfield>
    <subfield code="c">22x17cm</subfield>
  </datafield>
  <datafield tag="365" ind1=" " ind2=" ">
    <subfield code="2">English</subfield>
    <subfield code="a">3496</subfield>
    <subfield code="b">331.50</subfield>
    <subfield code="c">&#x20B9;</subfield>
    <subfield code="d">425.00</subfield>
    <subfield code="e">22%</subfield>
    <subfield code="f">09-08-2022</subfield>
  </datafield>
  <datafield tag="440" ind1=" " ind2=" ">
    <subfield code="a">Business skills series</subfield>
    <subfield code="9">56664</subfield>
  </datafield>
  <datafield tag="520" ind1=" " ind2=" ">
    <subfield code="a">Negotiations, belonging to a set of four books on business skills, is designed to help non-native speakers negotiate effectively in English. The book gives useful tips and the language needed at different phases in business negotiations and also on handling cultural differences.
</subfield>
  </datafield>
  <datafield tag="650" ind1=" " ind2=" ">
    <subfield code="a">Phases</subfield>
    <subfield code="9">56659</subfield>
  </datafield>
  <datafield tag="650" ind1=" " ind2=" ">
    <subfield code="a">Approach</subfield>
    <subfield code="9">56660</subfield>
  </datafield>
  <datafield tag="650" ind1=" " ind2=" ">
    <subfield code="a">Evaluation</subfield>
    <subfield code="9">56661</subfield>
  </datafield>
  <datafield tag="942" ind1=" " ind2=" ">
    <subfield code="2">ddc</subfield>
    <subfield code="c">BK</subfield>
  </datafield>
  <datafield tag="999" ind1=" " ind2=" ">
    <subfield code="c">224520</subfield>
    <subfield code="d">224520</subfield>
  </datafield>
  <datafield tag="952" ind1=" " ind2=" ">
    <subfield code="0">0</subfield>
    <subfield code="1">0</subfield>
    <subfield code="2">ddc</subfield>
    <subfield code="4">0</subfield>
    <subfield code="7">0</subfield>
    <subfield code="8">ENG</subfield>
    <subfield code="a">AL</subfield>
    <subfield code="b">AL</subfield>
    <subfield code="d">2022-08-11</subfield>
    <subfield code="e">Biblios Book Point, Surathkal, Mangalore-575014</subfield>
    <subfield code="g">331.50</subfield>
    <subfield code="l">0</subfield>
    <subfield code="o">658.4052 LAWN</subfield>
    <subfield code="p">075976</subfield>
    <subfield code="r">2022-09-06 00:00:00</subfield>
    <subfield code="v">425.00</subfield>
    <subfield code="w">2022-09-06</subfield>
    <subfield code="y">BK</subfield>
  </datafield>
</record>
